INTERMEDIATE MACROECONOMICS (Record no. 215865)

MARC details
000 -LEADER
fixed length control field 00541nam a22001817a 4500
008 - FIXED-LENGTH DATA ELEMENTS--GENERAL INFORMATION
fixed length control field 250709b |||||||| |||| 00| 0 eng d
020 ## - INTERNATIONAL STANDARD BOOK NUMBER
International Standard Book Number 978-1-4737-2509-6
050 ## - LIBRARY OF CONGRESS CALL NUMBER
Classification number HB 172.5 .B37 2017
100 ## - MAIN ENTRY--PERSONAL NAME
Personal name BARRO, ROBERT J.
245 ## - TITLE STATEMENT
Title INTERMEDIATE MACROECONOMICS
260 ## - PUBLICATION, DISTRIBUTION, ETC.
Place of publication, distribution, etc. UNITED KINGDOM
Name of publisher, distributor, etc. CENGAGE LEARNING EMEA
Date of publication, distribution, etc. 2017
300 ## - PHYSICAL DESCRIPTION
Extent XIV,393P.:ILL
500 ## - GENERAL NOTE
General note INCLUDES BIBLIOGRAPHICAL REFERENCES AND INDEX
650 ## - SUBJECT ADDED ENTRY
Topical term or geographic name entry element MACROECONOMICS
700 ## - ADDED ENTRY--PERSONAL NAME
Personal name 1. CHU, ANGUS C. 2. COZZI, GUIDO
942 ## - ADDED ENTRY ELEMENTS (KOHA)
Source of classification or shelving scheme Library of Congress Classification
Koha item type Long Loan Book

No items available.